Govt. of
Madhya Pradesh

Journal of The Travels (Record no. 38497)

MARC details
000 -LEADER
fixed length control field 005070000a22001690004500
003 - CONTROL NUMBER IDENTIFIER
control field MACL
005 - DATE AND TIME OF LATEST TRANSACTION
control field 20151227152645.0
008 - FIXED-LENGTH DATA ELEMENTS--GENERAL INFORMATION
fixed length control field 151227b xxu||||| |||| 00| 0 eng d
040 ## - CATALOGING SOURCE
Original cataloging agency MACL
Transcribing agency MACL
041 ## - LANGUAGE CODE
Language code of text/sound track or separate title English
082 ## - DEWEY DECIMAL CLASSIFICATION NUMBER
Classification number 050/EDN
100 ## - MAIN ENTRY--PERSONAL NAME
Personal name Edmundson, Dr George
9 (RLIN) 23426
245 ## - TITLE STATEMENT
Title Journal of The Travels
Remainder of title And Labours of Father Samuel Fritz in The River of The Amazons Between 1686 and 1723
260 ## - PUBLICATION, DISTRIBUTION, ETC. (IMPRINT)
Name of publisher, distributor, etc. The Hakluyt Society
650 ## - SUBJECT ADDED ENTRY--TOPICAL TERM
Topical term or geographic name as entry element Serial Publication
9 (RLIN) 330
942 ## - ADDED ENTRY ELEMENTS (KOHA)
Koha item type Books
Call number prefix 050/EDM
Source of classification or shelving scheme
Holdings
Withdrawn status Lost status Source of classification or shelving scheme Damaged status Not for loan Home library Current library Date acquired Total Checkouts Full call number Barcode Date last seen Uniform Resource Identifier Price effective from Koha item type
          MACL MACL 15/04/2015   050/EDM CLE004239 29/04/2015 38718 15/04/2015 Books